Návrh montáže otočného mechanizmu

Salvato in:
Dettagli Bibliografici
Autore principale: Malík, Jakub (Autore)
Altri autori: Jurina, František (Relatore della tesi)
Natura: Manoscritto Libro
Lingua:slovacco
Pubblicazione: 2018
Soggetti:
Accesso online:http://is.stuba.sk/zp/portal_zp.pl?podrobnosti=123288
Tags: Aggiungi Tag
Nessun Tag, puoi essere il primo ad aggiungerne!!

MARC

LEADER 00000ntm a22000003a 4500
001 stuzp68038
003 SK-STU
005 20180820155807.0
007 ta
008 150427s2015----xo-----f-mn---000-0-slo-d
040 |a STU  |b slo 
041 0 |a slo 
100 1 |a Malík, Jakub  |u 063000  |4 aut  |U MTF Materiálovotechnologická fakulta  |T MTF Ústav výrobných technológií  |X 76709  |U M3000  |Y 83  |7 76709 
242 0 1 |a Assembly design of rotary mechanism  |y eng 
245 1 0 |a Návrh montáže otočného mechanizmu 
260 |c 2018 
650 4 |a montáž  |2 slo 
650 4 |a mechanizmus  |2 slo 
650 4 |a návrh montáže  |2 slo 
650 4 |a assembly  |2 eng 
650 4 |a mechanism  |2 eng 
650 4 |a installation guide  |2 eng 
700 1 |a Jurina, František  |u 063000  |k Z3  |4 ths  |U MTF Materiálovotechnologická fakulta  |T MTF Ústav výrobných technológií  |X 46002  |U M3000  |Y 83  |7 A000046002 
856 4 |u http://is.stuba.sk/zp/portal_zp.pl?podrobnosti=123288 
996 |c M* BP-8375  |l MMSKP  |s P  |a 0  |w stuzp68038_0001